000 00925nam a22002657a 4500
005 20230512123138.0
008 180105t xxu||||| |||| 00| 0 eng d
020 _a9812384626
040 _cCSPC
082 0 _a519.2
_bC654l
100 _aCoffey, W.T.,
_eauthor.
245 0 0 _aThe Langevin equation
_bwith applications to Stochastic problems in physics, chemistry and electrical engineering/
_cW.T. Coffey
250 _aSecond (2nd)
_bedition
260 _aNew Jersey :
_bWorld Scientific ;
_c2004.
300 _axxiv, 678 pages :
_bfigures, tables ;
_c23 cm.
500 _aIncludes Index.
504 _aIncludes Bibliography (672-673 pages).
650 1 0 _aLangevin equations.
650 1 0 _aBrownian motion processes.
700 1 _aKalmykov, Yu P.,
_eauthor.
700 1 _aWaldron, J.T.,
_eauthor.
942 _cBOOK
_jENG 519.2 C654l 2004
999 _c176
_d176